000
00330 a2200145 4500
001
151433
040
_c
Escola São Tomás de Aquino
100
_a
YHEZKEL, Raquel Teles
240
1
0
_a
Polergazinho
_l
por
245
1
0
_a
Polergazinho
362
0
_a
2000
440
1
_a
Editora leitura
697
_a
*LITERATURA INFANTO
942
_c
BK
999
_c
151433
_d
151433